Biodiversity in British Columbia : our changing environment /

Bibliographic Details
Corporate Author: Canada. Conservation and Protection. Pacific and Yukon Region
Other Authors: Harding, Lee E., McCullum, Emily
Format: Government Document Book
Language:English
Published: Vancouver : Environment Canada, Conservation and Protection, Pacific and Yukon Region, [1994]
Subjects:

MARC

Tag First Indicator Second Indicator Subfields
LEADER 00000cam a22000008a 4500
001 in00001213708
005 20151002090425.0
008 930518s1994 bcc f000 0 eng d
010 |a cn 93099586  
015 |a C93-99586-4 
020 |a 0662206711 
035 |a (OCoLC)28504765 
035 |9 AGQ1078AM 
040 |a CaOODP  |b eng  |c NLC  |d TXH  |d CDS  |d TXA  |d UtOrBLW 
043 |a n-cn-bc 
049 |a TXAM 
055 3 |a QH77* 
082 0 |a 574.5/09711  |2 20 
086 1 |a DSS Cat. no. En40-463/1993E 
090 |a QH77.C2  |b B56 1994 
245 0 0 |a Biodiversity in British Columbia :  |b our changing environment /  |c editors: Lee E. Harding and Emily McCullum. 
263 |a 9305 
264 1 |a Vancouver :  |b Environment Canada, Conservation and Protection, Pacific and Yukon Region,  |c [1994] 
264 4 |c ©1994 
300 |a xx, 426 pages, 1 unnumbered leaf of plates :  |b illustrations, maps (some color) ;  |c 28 cm. 
336 |a text  |b txt  |2 rdacontent 
337 |a unmediated  |b n  |2 rdamedia 
338 |a volume  |b nc  |2 rdacarrier 
505 0 |a Introducing biodiversity : The importance of conserving systems / J. Stan Rowe -- Terms of endangerment / Andrew Harcombe ... [et al.] -- A rose by any other name / Edward H. Miller and Geoffrey G.E. Scudder -- Species diversity : Endangered terrestrial and freshwater invertebrates in British Columbia / Sydney Cannings -- British Columbia's butterflies and moths / Crispin Guppy and Jon Shepard -- Biodiversity of marine invertebrates in British Columbia / Philip Lambert -- Rare and endangered bryophytes in British Columbia / W. B. Schofield -- Rare and endangered lichens in British Columbia / Trevar Goward -- Macrofungi of British Columbia / Scott A. Redhead -- Rare and endangered vascular plants in British Columbia / Hans Roemer, Gerald B. Straley and George W. Douglas -- Benthic marine algal flora (seaweeds) of British Columbia: diversity & conservation status / Michael W. Hawkes -- Reptiles in British Columbia / Stan A. Orchard -- Amphibians in British Columbia: forestalling endangerment / Stan A. Orchard -- Threats to fish diversity in the fresh waters of British Columbia / Alex Peden. 
505 0 |a Endangered mammals in British Columbia / David Nagorsen -- Threatened and endangered birds in British Columbia / Richard Cannings -- Exotic species in British Columbia / Lee E. Harding ... [et al.] -- Ecosystem diversity : Overview of ecosystem diversity / Lee E. Harding and Emily McCullum -- Threats to diversity of forest ecosystems in British Columbia / Lee E. Harding -- Threats to biodiversity of grasslands in British Columbia / Michael Pitt and Tracey D. Hooper -- Threats to biodiversity in the Strait of Georgia / Lee E. Harding -- Urban biodiversity / Valentin Schaefer -- Songbirds in decline / Lee E. Harding -- Atmospheric change in British Columbia / Lee E. Harding and Eric Taylor -- Future of British Columbia's flora / Richard Hebda --Prospects for the future : Protected areas in British Columbia: maintaining natural diversity / Kenneth E. Morrison and Anthony M. Turner -- The British Ecological Reserves Program / B.C. Parks -- Conserving marine ecosystems: are British Columbia's marine protected areas adequate? / Michael W. Hawkes. 
505 0 |a Thoughts on an earth ethic / Robert F. Harrington -- Conclusions and recommendations / Lee E. Harding. 
650 0 |a Biodiversity  |z British Columbia. 
650 0 |a Biodiversity conservation  |z British Columbia. 
700 1 |a Harding, Lee E. 
700 1 |a McCullum, Emily. 
710 1 |a Canada.  |b Conservation and Protection.  |b Pacific and Yukon Region. 
999 |a MARS 
999 f f |s 1fd0dcce-f5da-39c4-90bf-a00d03e8c76b  |i b845b8a4-1f25-3aa9-9298-bb2cfa17c14c  |t 0 
952 f f |p ric  |a Texas A&M University  |b Rellis Campus  |c Joint Library Facility  |d Remote Storage  |t 0  |e QH77.C2 B56 1994  |h Library of Congress classification  |i unmediated -- volume  |m A14818704712 
998 f f |a QH77.C2 B56 1994  |t 0  |l Remote Storage